Me & Rumi : (Record no. 592635)
[ view plain ]
| 000 -LEADER | |
|---|---|
| fixed length control field | 00499nam a22001457a 4500 |
| 003 - CONTROL NUMBER IDENTIFIER | |
| control field | NUST |
| 082 ## - DEWEY DECIMAL CLASSIFICATION NUMBER | |
| Classification number | 191.009,CHI |
| 100 ## - MAIN ENTRY--PERSONAL NAME | |
| Personal name | Chittick, William C. |
| 9 (RLIN) | 175 |
| 245 ## - TITLE STATEMENT | |
| Title | Me & Rumi : |
| Remainder of title | the autobiography of Shams-i Tabrizi / |
| Statement of responsibility, etc. | William C. Chittick, |
| 260 ## - PUBLICATION, DISTRIBUTION, ETC. | |
| Place of publication, distribution, etc. | Suhail Academy |
| Name of publisher, distributor, etc. | Lahore |
| Date of publication, distribution, etc. | 2005 |
| 300 ## - PHYSICAL DESCRIPTION | |
| Extent | xxv, 409 p |
| 505 ## - FORMATTED CONTENTS NOTE | |
| Formatted contents note | My years without Mawlana (Page-1), My path of God (Page-37), My time with Mawlana (Page-177). |
| 650 ## - SUBJECT ADDED ENTRY--TOPICAL TERM | |
| Topical term or geographic name entry element | autobiography of Shams-i Tabrizi |
| 9 (RLIN) | 104537 |
| 942 ## - ADDED ENTRY ELEMENTS (KOHA) | |
| Source of classification or shelving scheme | |
| Koha item type | Book |
| Withdrawn status | Lost status | Source of classification or shelving scheme | Damaged status | Not for loan | Permanent Location | Current Location | Shelving location | Date acquired | Shelving control number | Full call number | Barcode | Date last seen | Price effective from | Koha item type | Public note |
|---|---|---|---|---|---|---|---|---|---|---|---|---|---|---|---|
| Military College of Signals (MCS) | Military College of Signals (MCS) | General Stacks | 12/09/2022 | Biographies | 191.009,CHI | MCS37899 | 12/09/2022 | 12/09/2022 | Book | Almirah No.46, Shelf No.6 |
